[Event "Potsdam Christmas 35th"]
[Site "Potsdam"]
[Date "2010.12.27"]
[Round "1.12"]
[White "Bielick, Jakob"]
[Black "Witt, Ronald"]
[Result "1-0"]
[WhiteElo "1700"]
[BlackElo "2099"]
[PlyCount "80"]
[EventDate "2010.12.27"]
[EventType "swiss"]
[EventRounds "7"]
[EventCountry "GER"]
[SourceTitle "EXT 2022"]
[Source "ChessBase"]
[SourceDate "2021.10.06"]
[SourceVersion "1"]
[SourceVersionDate "2021.10.06"]
[SourceQuality "1"]

1. e4 c6 2. d4 d5 3. Nc3 dxe4 4. Nxe4 Bf5 5. Ng3 Bg6 6. Nf3 Nd7 7. h4 h6 8. h5 Bh7 9. Bd3 Bxd3 10. Qxd3 Qc7 11. Rh4 e6 12. Bf4 Bd6 13. Bxd6 Qxd6 14. Ne4 Qe7 15. 0-0-0 0-0-0 16. Qb3 Ngf6 17. Nxf6 Nxf6 18. Ne5 Nd7 19. Re4 Nxe5 20. Rxe5 Rd5 21. Qg3 Rxe5 22. dxe5 Qg5+ 23. Qxg5 hxg5 24. g4 Rd8 25. Rxd8+ Kxd8 26. Kd2 Ke7 27. Ke3 f5 28. exf6+ gxf6 29. f4 gxf4+ 30. Kxf4 Kf8 31. g5 f5 32. g6 c5 33. h6 c4 34. Ke5 b5 35. Kf6 f4 36. h7 Ke8 37. Kxe6 Kd8 38. h8Q+ Kc7 39. Qe5+ Kb6 40. Qxf4 a5 1-0

[Event "Potsdam Christmas 34th"]
[Site "Potsdam"]
[Date "2009.12.27"]
[Round "1.11"]
[White "Witt, Ronald"]
[Black "Bielick, Jakob"]
[Result "1-0"]
[WhiteElo "2085"]
[BlackElo "1655"]
[PlyCount "89"]
[EventDate "2009.12.27"]
[EventType "swiss"]
[EventRounds "7"]
[EventCountry "GER"]
[SourceTitle "EXT 2022"]
[Source "ChessBase"]
[SourceDate "2021.10.06"]
[SourceVersion "1"]
[SourceVersionDate "2021.10.06"]
[SourceQuality "1"]

1. e4 c5 2. c3 d5 3. exd5 Qxd5 4. d4 Nc6 5. Nf3 Bg4 6. Be2 Rd8 7. Be3 cxd4 8. cxd4 e5 9. Nc3 Bb4 10. 0-0 Qa5 11. a3 Bxc3 12. bxc3 Bxf3 13. Bxf3 Qxc3 14. Qa4 Nge7 15. Rac1 Qa5 16. Qxa5 Nxa5 17. dxe5 Nac6 18. Bc5 Nxe5 19. Bxb7 Nd3 20. Rc3 Nxc5 21. Rxc5 Rd7 22. Bf3 0-0 23. Rfc1 Rb8 24. g3 g6 25. Rc7 Rbd8 26. Kg2 Kf8 27. h4 Ke8 28. Bg4 f5 29. Be2 Nd5 30. R7c5 Ke7 31. Bb5 Rd6 32. Re1+ Re6 33. Rxe6+ Kxe6 34. Bc4 Ke5 35. Ra5 a6 36. Kf3 Rd6 37. a4 h6 38. Bxd5 Rxd5 39. Rxa6 g5 40. a5 g4+ 41. Ke3 h5 42. Ra8 Rb5 43. a6 Rb3+ 44. Ke2 f4 45. Re8+ 1-0

[Event "Friedrichroda op 11th"]
[Site "Friedrichroda"]
[Date "2007.08.09"]
[Round "2"]
[White "Witt, Ronald"]
[Black "Kaufeld, Juergen"]
[Result "1/2-1/2"]
[WhiteElo "2040"]
[BlackElo "2296"]
[PlyCount "68"]
[EventDate "2007.08.08"]
[EventType "swiss"]
[EventRounds "7"]
[EventCountry "GER"]
[SourceTitle "CBM 120 Extra"]
[Source "ChessBase"]
[SourceDate "2007.11.01"]
[SourceVersion "1"]
[SourceVersionDate "2007.11.01"]
[SourceQuality "1"]

1. e4 c5 2. c3 Nf6 3. e5 Nd5 4. d4 cxd4 5. Qxd4 e6 6. Nf3 Nc6 7. Qe4 f5 8. Qe2 b5 9. g3 a5 10. Bg2 Be7 11. 0-0 Ba6 12. Rd1 0-0 13. Nd4 Qb8 14. Bxd5 exd5 15. Qf3 Qxe5 16. Nxc6 dxc6 17. Bf4 Qe4 18. Nd2 Qxf3 19. Nxf3 Bc8 20. Re1 Bc5 21. Ne5 Rf6 22. Nd3 Bf8 23. Be5 Re6 24. Rad1 Bd7 25. Bd4 Rae8 26. Re5 g6 27. f4 b4 28. Rde1 Bd6 29. Rxe6 Rxe6 30. Rxe6 Bxe6 31. cxb4 axb4 32. Bc5 Bxc5+ 33. Nxc5 Kf7 34. Nd3 d4 1/2-1/2

[Event "Greifswald Ryck op"]
[Site "Greifswald"]
[Date "2002.08.22"]
[Round "1"]
[White "Witt, Ronald"]
[Black "Pitz, Marko"]
[Result "1-0"]
[WhiteElo "2071"]
[BlackElo "1286"]
[PlyCount "99"]
[EventDate "2002.08.??"]
[EventType "swiss"]
[EventRounds "7"]
[EventCountry "GER"]
[SourceTitle "EXT 2005"]
[Source "ChessBase"]
[SourceDate "2004.11.15"]
[SourceVersion "1"]
[SourceVersionDate "2004.11.15"]
[SourceQuality "1"]

1. e4 e5 2. Nf3 Nc6 3. Bb5 a6 4. Ba4 Nf6 5. 0-0 b5 6. Bb3 d6 7. Re1 Na5 8. c3 Nxb3 9. axb3 c5 10. d4 Qc7 11. d5 Be7 12. Nbd2 0-0 13. h3 Nh5 14. Nxe5 Nf4 15. Nef3 Qd7 16. Nf1 g5 17. Bxf4 gxf4 18. Qd2 Kh8 19. Qxf4 Rg8 20. Ng3 Qe8 21. Re3 Rg6 22. Nh4 Rf6 23. Nhf5 Rg6 24. Nxe7 Qxe7 25. Rae1 f6 26. Nf5 Qe5 27. Qxe5 fxe5 28. Ne7 Rg7 29. Nxc8 Rxc8 30. Rf3 Rg6 31. Kh2 h5 32. g3 Kg7 33. Rf5 Kh6 34. Re3 c4 35. b4 Ra8 36. f4 exf4 37. gxf4 Rag8 38. Re2 h4 39. e5 Re8 40. Rg2 dxe5 41. fxe5 Rxg2+ 42. Kxg2 Kg6 43. Rf6+ Kg5 44. Re6 Rxe6 45. dxe6 Kg6 46. Kf3 Kg7 47. Kg4 Kf8 48. Kxh4 Ke7 49. Kg5 Kxe6 50. Kf4 1-0